| 000 | 00000nam##2200000za#4500 |
| 001 | 9.599660 |
| 003 | CaOODSP |
| 005 | 20240501092931 |
| 007 | cr ||||||||||| |
| 008 | 150406|2002||||xxc|||||o f|0| 0 fre|d |
| 040 | |aCaOODSP|bfre |
| 043 | |an-cn--- |
| 086 | 1 |aPS83-3/131F-PDF |
| 110 | 2 |aService correctionnel Canada. |
| 245 | 10|aCaractéristiques des femmes d'âge adulte purgeant une peine de ressort fédéral au Canada : |h[ressource électronique]|btendances de 1981 à 2002 (édition révisée) / |c[par] Roberta Lynn Sinclair et Roger Boe. |
| 260 | |bService correctionnel Canada |cdécembre 2002. |
| 300 | |a72p.|bgraphiques, tableaux |
| 490 | 1 |aRapport de recherche|vR-131 |
| 590 | |a10-14-Supp|b2010-12-03 |
| 720 | 1 |aBoe, Roger |
| 720 | 1 |aSinclair, Roberta Lynn |
| 775 | 08|tCanadian federal women offender profiles : |w(CaOODSP)9.568373 |
| 830 | #0|aRapport de recherche (Service correctionnel Canada. Direction de la recherche)|vR-131|w(CaOODSP)9.502465 |
| 856 | 40|ahttp://publications.gc.ca|qPDF|s838 Ko|uhttps://publications.gc.ca/collections/collection_2010/scc-csc/PS83-3-131-fra.pdf|yR-131 |